000 00206 a2200097 4500
001 1671
100 _aBaer, C.H
245 _aElectrical & electronic drawing
260 _a
_bMc Graw
_c
090 _c1208
_d1208
942 _aNUST-CAE
_cM
_c2314
999 _c236744
_d236744